Statistics for Top 40 Soccer Players as of Nov 2015

Click here to take the quiz!

General Stats

  • This quiz has been taken 881 times
  • The average score is 26 of 41

Answer Stats

HintAnswer% Correct
2Cristiano Ronaldo
100%
1Lionel Messi
100%
5Neymar
96%
3Luis Suarez
92%
29Andres Iniesta
85%
4Gareth Bale
85%
26Sergio Ramos
83%
6Manuel Neuer
82%
18Luka Modric
78%
12Zlatan Ibrahimovic
78%
16Karim Benzema
75%
9Robert Lewandowski
75%
26Arjen Robben
74%
22Toni Kroos
74%
30Gerard Pique
73%
11Sergio Aguero
72%
28Franck Ribery
70%
10Eden Hazard
69%
35Thiago Silva
69%
38David Silva
67%
15Paul Pogba
66%
8Thomas Muller
66%
32Gianluigi Buffon
60%
34David De Gea
57%
31Philipp Lahm
57%
13Kevin De Bruyne
56%
33Marco Reus
55%
14Alexis Sanchez
54%
23Angel Di Maria
53%
25Antoine Griezmann
51%
7James Rodriguez
50%
17Diego Costa
49%
37Ivan Rakitic
45%
24Gonzalo Higuain
44%
36Thibaut Courtois
42%
21Vincent Kompany
41%
27Yaya Toure
38%
20Cesc Fabregas
33%
19Raheem Sterling
32%
39Isco
25%
40Koke
22%

Score Distribution

Percentile by Number Answered

Percent of People with Each Score

Your Score History

You have not taken this quiz